Selected verses of Mirza Ghalib / (Record no. 21169)
[ view plain ]
| 000 -LEADER | |
|---|---|
| fixed length control field | 00855cam a22002651 4500 |
| 001 - CONTROL NUMBER | |
| control field | 21169 |
| 003 - CONTROL NUMBER IDENTIFIER | |
| rucl marc code | BD-RjUL |
| 005 - DATE AND TIME OF LATEST TRANSACTION | |
| control field | 20211209000645.0 |
| 008 - FIXED-LENGTH DATA ELEMENTS--GENERAL INFORMATION | |
| fixed length control field | 140303s1965 enka 000 0 eng d |
| 035 ## - SYSTEM CONTROL NUMBER | |
| System control number | (BD-RjUL)21233 |
| System control number | (OCoLC)4899356 |
| 040 ## - CATALOGING SOURCE | |
| Original cataloging agency | DLC |
| Transcribing agency | NSyU |
| Modifying agency | Uk |
| -- | BD-RjUL |
| Language of cataloging | eng |
| 041 1# - LANGUAGE CODE | |
| Language code of text/sound track or separate title | engurd |
| 082 ## - DEWEY DECIMAL CLASSIFICATION NUMBER | |
| Classification number | 891.415 |
| Author mark and year | GHS 1965 |
| 100 1# - MAIN ENTRY--PERSONAL NAME | |
| Personal name | Ghalib, Mirza |
| Dates associated with a name | 1797-1869 |
| 9 (RLIN) | 65420 |
| 245 10 - TITLE STATEMENT | |
| Title | Selected verses of Mirza Ghalib / |
| Statement of responsibility, etc. | Rendered into English by Sufia Sadullah. Illustrated by Colin David. |
| 260 ## - PUBLICATION, DISTRIBUTION, ETC. (IMPRINT) | |
| Place of publication, distribution, etc. | Beaconfield, Eng. : |
| Name of publisher, distributor, etc. | D. Finlayson, |
| Date of publication, distribution, etc. | c1965. |
| 300 ## - PHYSICAL DESCRIPTION | |
| Pagination | xi, Various pages : |
| Illustrations | illus. ; |
| Size | 23 cm. |
| 650 ## - SUBJECT ADDED ENTRY--TOPICAL TERM | |
| Topical term or geographic name as entry element | Hindustani literature Poetry |
| 9 (RLIN) | 65421 |
| 700 1# - ADDED ENTRY--PERSONAL NAME | |
| Personal name | Sadullah, Sufia, |
| Dates associated with a name | 1924- |
| Relator term | tr. |
| Personal name | David, Colin, |
| Relator term | illus. |
| 942 ## - ADDED ENTRY ELEMENTS (KOHA) | |
| Source of classification or shelving scheme | Dewey Decimal Classification |
| Koha item type | Books |
| Lost status | Source of classification or shelving scheme | Damaged status | Not for loan | Collection code | Permanent Location | Current Location | Shelving location | Date acquired | Source of acquisition | Cost, normal purchase price | Total Checkouts | Full call number | Date last seen | Copy number | Koha item type |
|---|---|---|---|---|---|---|---|---|---|---|---|---|---|---|---|
| Dewey Decimal Classification | Fiction | Central Library, University of Rajshahi | Central Library, University of Rajshahi | 19/07/1968 | Burean of National Reaearch of Referva govt. of pakistan | 0.00 | 891.415 GHS 1965 | 03/03/2014 | C-4 | Books | |||||
| Dewey Decimal Classification | Not For Loan | Fiction | Central Library, University of Rajshahi | Central Library, University of Rajshahi | Reading Room | 03/05/1968 | Heffers Sons Ltd | 16.00 | 891.415 GHS 1965 | 09/03/2014 | C-1 | Books | |||
| Dewey Decimal Classification | Fiction | Central Library, University of Rajshahi | Central Library, University of Rajshahi | General Stacks | 17/09/1969 | Pakistan Book Centre | 12.00 | 891.415 GHS 1965 | 02/02/2026 | C-2 | Books | ||||
| Dewey Decimal Classification | Fiction | Central Library, University of Rajshahi | Central Library, University of Rajshahi | General Stacks | 29/10/1990 | Shaukat Osman | 891.415 GHS 1965 | 02/02/2026 | C-3 | Books | |||||
| Dewey Decimal Classification | Fiction | Central Library, University of Rajshahi | Central Library, University of Rajshahi | General Stacks | 02/02/2026 | Feroz sons | 16.00 | 891.415 GHS 1965 | 02/02/2026 | C-5 | Books |